000 00729cab a2200241 4500
001 WB2903-11
008 090401t1993 xxu||||| |||| 00| 0 eng d
035 _a(Sirsi) u31617
041 _aeng
245 _aBAA tenants` charter
260 _c1993
350 _a0
490 _aCSW - The Property Week
_v42(3) 21 January 1993, 7(1)
520 _aAirport operator, BAA, which owns 16m sq ft of commercial property, has unveiled a tenants` charter promising fair rents, open rent reviews and rapid repairs.
650 _aAIRPORTS
650 _aLEASE REFORM
650 _aLEASES
650 _aRENT REVIEWS
650 _aTENANTS CHARTER
690 _aPROPERTY-COMMERCIAL PROPERTY
942 _n0
948 _c04/03/1997
999 _c21222
_d21222